| 000 | 00922cam a2200241 i 4500 | ||
|---|---|---|---|
| 005 | 20251207081051.0 | ||
| 008 | 250721s2008 jo gr 000 0 ara d | ||
| 020 | _a9957477811 | ||
| 082 | 1 | 4 |
_a214.61 _bا ش ق |
| 100 | 1 |
_aالأشقر، عمر سليمان _eمؤلف. |
|
| 245 | 1 | 2 |
_aالإيمان بالرسل والكتب / _cالدكتور عمر سليمان الاشقر. |
| 250 | _aالطبعة الأولى. | ||
| 264 | 3 | 1 |
_aعمان : _bدار النفائس للنشر والتوزيع، _c2008. |
| 300 | _a311 صفحة. | ||
| 490 | 0 |
_aواحة الإيمان عند عبد القيم ؛ _vرقم 3. |
|
| 650 | 1 | 7 | _aالكتب المقدسة. |
| 650 | 1 | 7 | _aالايمان بالكتب السماوية. |
| 650 | 1 | 7 | _aالانبياا |
| 650 | 1 | 7 | _aالديانات. |
| 830 | 0 | _aواحة الإيمان عند عبد القيم. | |
| 942 |
_2ddc _cBK |
||
| 999 |
_c112821 _d112821 |
||